Places To Study
There are group study rooms, individual study carrels, computer labs, and other spaces to study in the Libraries.
Reserve A Group Room| 000 -LEADER | |
|---|---|
| fixed length control field | 00648nam a22001697a 4500 |
| 003 - CONTROL NUMBER IDENTIFIER | |
| control field | OSt |
| 005 - DATE AND TIME OF LATEST TRANSACTION | |
| control field | 20250623150726.0 |
| 008 - FIXED-LENGTH DATA ELEMENTS--GENERAL INFORMATION | |
| fixed length control field | 250623b |||||||| |||| 00| 0 eng d |
| 040 ## - CATALOGING SOURCE | |
| Transcribing agency | DCL |
| 082 ## - DEWEY DECIMAL CLASSIFICATION NUMBER | |
| Classification number | ၄၂၀.၇ |
| 100 ## - MAIN ENTRY--PERSONAL NAME | |
| Personal name | ဒေါ်ခင်အေးပွင့်၊ |
| 245 10 - TITLE STATEMENT | |
| Title | အဆင့်မြင့်အင်္ဂလိပ်သဒ္ဒါ / |
| Statement of responsibility, etc. | ဒေါ်ခင်အေးပွင့်။ |
| 264 ## - PRODUCTION, PUBLICATION, DISTRIBUTION, MANUFACTURE, AND COPYRIGHT NOTICE | |
| Place of production, publication, distribution, manufacture | ရန်ကုန်၊ |
| Name of producer, publisher, distributor, manufacturer | ဝင်းစာပေတိုက်၊ |
| Date of production, publication, distribution, manufacture, or copyright notice | ၂၀၀၁။ |
| 300 ## - PHYSICAL DESCRIPTION | |
| Extent | ၂၈၀ စာမျက်နှာ။ |
| 600 ## - SUBJECT ADDED ENTRY--PERSONAL NAME | |
| Source of heading or term | ဘာသာဗဒ ။ |
| 942 ## - ADDED ENTRY ELEMENTS (KOHA) | |
| Source of classification or shelving scheme | Dewey Decimal Classification |
| Koha item type | Books on Myanmar |
| Suppress in OPAC | No |
No items available.